[Event "Ahuntsic-A"]
[Site "Montreal CAN"]
[Date "2011.04.03"]
[Round "4"]
[White "Chiku-Ratte, Olivier-Kenta"]
[Black "Wu, Qiyou"]
[Result "1/2-1/2"]
[WhiteElo "1734"]
[BlackElo "1938"]
[PlyCount "118"]
[EventDate "2011.04.03"]
[EventType "swiss (rapid)"]
[EventRounds "5"]
[EventCountry "CAN"]

1. d4 d5 2. c4 e6 3. Nc3 Be7 4. cxd5 exd5 5. Bf4 Nf6 6. e3 O-O 7. Bd3 c6 8. Qc2
Nbd7 9. Nf3 Re8 10. O-O Nf8 11. h3 Bd6 12. Bxd6 Qxd6 13. Rab1 a5 14. a3 Ng6 15.
Na4 Ne4 16. Nb6 Rb8 17. b4 axb4 18. axb4 Qd8 19. Nxc8 Rxc8 20. Rbc1 Nh4 21.
Bxe4 dxe4 22. Nxh4 Qxh4 23. b5 Re6 24. d5 Rg6 25. dxc6 bxc6 26. bxc6 Rgxc6 27.
Qxc6 Rxc6 28. Rxc6 g6 29. Rd1 Qe7 30. Rcd6 Qc7 31. Rd7 Qc2 32. R1d4 Qb1+ 33.
Kh2 Kf8 34. Rc7 Qf1 35. Rdd7 Qxf2 36. Rxf7+ Qxf7 37. Rxf7+ Kxf7 38. Kg3 g5 39.
h4 Kg6 40. Kh3 h6 41. hxg5 Kxg5 42. Kg3 h5 43. Kh3 h4 44. g4 hxg3 45. Kxg3 Kf5
46. Kh4 Kf6 47. Kh5 Kf5 48. Kh4 Kf6 49. Kh3 Kg5 50. Kg3 Kf5 51. Kh4 Kf6 52. Kg4
Kg6 53. Kf4 Kf6 54. Kxe4 Ke6 55. Kd4 Kd6 56. e4 Ke6 57. e5 Ke7 58. Ke4 Ke6 59.
Kf4 Ke7 1/2-1/2

[Event "Ahuntsic-A"]
[Site "Montreal CAN"]
[Date "2011.04.03"]
[Round "5"]
[White "Chiku-Ratte, Olivier-Kenta"]
[Black "Sambuev, Bator"]
[Result "0-1"]
[WhiteElo "1734"]
[BlackElo "2340"]
[PlyCount "130"]
[EventDate "2011.04.03"]
[EventType "swiss (rapid)"]
[EventRounds "5"]
[EventCountry "CAN"]

1. d4 Nf6 2. c4 g6 3. Nc3 Bg7 4. e4 O-O 5. f4 d6 6. Nf3 c5 7. d5 e6 8. Be2 exd5
9. cxd5 Re8 10. Nd2 a6 11. a4 Nbd7 12. O-O Qc7 13. Bf3 c4 14. a5 Nc5 15. e5
dxe5 16. fxe5 Nd3 17. exf6 Bxf6 18. Nde4 Bd4+ 19. Kh1 f5 20. Ng5 Nf2+ 21. Rxf2
Bxf2 22. d6 Qxd6 23. Qd5+ Qxd5 24. Bxd5+ Kg7 25. Bf4 h6 26. Nf3 g5 27. Bd6 g4
28. Ne5 Be6 29. Bxb7 Ra7 30. Bc6 Rd8 31. Rd1 Kf6 32. g3 Rxd6 33. Rxd6 Kxe5 34.
Rd2 Bd4 35. Bg2 Rd7 36. Re2+ Kf6 37. h3 Be5 38. Kh2 Rd3 39. hxg4 Rxg3 40. Rxe5
Rxg2+ 41. Kxg2 Kxe5 42. gxf5 Bxf5 43. Kf3 Kd4 44. Kf4 Bd7 45. Ne4 Bc6 46. Nd6
Kc5 47. Ke5 h5 48. Nf5 Bd7 49. Nh4 Bg4 50. Ng2 Kb4 51. Kd4 Bf3 52. Nh4 Be2 53.
Nf5 Kb3 54. Ng3 Bf3 55. Nf5 Bg4 56. Ne3 Be6 57. Nd1 h4 58. Nf2 Kxb2 59. Nd1+
Kb3 60. Nf2 h3 61. Ne4 h2 62. Nf2 c3 63. Kd3 Bf5+ 64. Ke2 c2 65. Kd2 Kb2 0-1

[Event "Mauricie op"]
[Site "Trois-Rivieres CAN"]
[Date "2011.03.18"]
[Round "1"]
[White "Sambuev, Bator"]
[Black "Chiku-Ratte, Olivier-Kenta"]
[Result "1-0"]
[WhiteElo "2562"]
[BlackElo "2056"]
[PlyCount "45"]
[EventDate "2011.03.18"]
[EventType "swiss"]
[EventRounds "5"]
[EventCountry "CAN"]

1. d4 Nf6 2. c4 c5 3. d5 e6 4. Nc3 exd5 5. cxd5 d6 6. e4 g6 7. Bb5+ Nfd7 8. Nf3
a6 9. Bd3 Bg7 10. Bg5 Qc7 11. O-O O-O 12. a4 Re8 13. Rc1 c4 14. Be2 Qc5 15. Be3
Qb4 16. Bd4 b5 17. Bxg7 Kxg7 18. Nd4 Nc5 19. axb5 axb5 20. Ndxb5 Nb3 21. Nc7
Nxc1 22. Qxc1 Ra7 23. Nxe8+ 1-0

[Event "Mauricie op"]
[Site "Trois-Rivieres CAN"]
[Date "2011.03.19"]
[Round "2"]
[White "Chiku-Ratte, Olivier-Kenta"]
[Black "Fournier, Michael"]
[Result "0-1"]
[WhiteElo "2056"]
[BlackElo "1967"]
[PlyCount "134"]
[EventDate "2011.03.18"]
[EventType "swiss"]
[EventRounds "5"]
[EventCountry "CAN"]

1. d4 Nf6 2. c4 e5 3. dxe5 Ne4 4. Nf3 Bb4+ 5. Bd2 Nxd2 6. Nbxd2 Nc6 7. a3 Bxd2+
8. Qxd2 Qe7 9. Qf4 O-O 10. Rd1 b6 11. e3 Re8 12. Rd5 Bb7 13. Qg4 Nxe5 14. Rxe5
Bxf3 15. Rxe7 Bxg4 16. Rxe8+ Rxe8 17. Bd3 Re5 18. Kd2 Kf8 19. Kc3 Ke7 20. b4 d6
21. f3 Bc8 22. e4 g5 23. g4 Re6 24. h4 Rh6 25. h5 Rf6 26. Rh3 h6 27. Kd4 c5+
28. Ke3 Kd7 29. bxc5 dxc5 30. e5 Rf4 31. Bf5+ Kc7 32. Bxc8 Kxc8 33. Rh1 Rxc4
34. Rd1 Rc3+ 35. Ke2 Rc2+ 36. Kf1 Rc3 37. Kf2 Rxa3 38. Rd6 c4 39. Rc6+ Kd7 40.
Rxc4 Rd3 41. Ke2 Rd5 42. f4 gxf4 43. Kf3 Rxe5 44. Kxf4 Rd5 45. Ke4 Rg5 46. Kf4
a5 47. Rd4+ Ke7 48. Rc4 Rc5 49. Re4+ Kf6 50. Re8 a4 51. Rb8 b5 52. Rb6+ Kg7 53.
Ke4 a3 54. Kd3 b4 55. Rxb4 Ra5 56. Rb1 a2 57. Ra1 Kf6 58. Ke4 Kg5 59. Kf3 Ra3+
60. Kf2 Kxg4 61. Rg1+ Kxh5 62. Rh1+ Kg5 63. Rg1+ Kf4 64. Ra1 Ke4 65. Re1+ Kd4
66. Rd1+ Kc3 67. Rc1+ Kb2 0-1

[Event "Mauricie op"]
[Site "Trois-Rivieres CAN"]
[Date "2011.03.19"]
[Round "3"]
[White "Pepin, Christian"]
[Black "Chiku-Ratte, Olivier-Kenta"]
[Result "1-0"]
[WhiteElo "1933"]
[BlackElo "2056"]
[PlyCount "67"]
[EventDate "2011.03.18"]
[EventType "swiss"]
[EventRounds "5"]
[EventCountry "CAN"]

1. e4 c5 2. Nf3 d6 3. c3 Nf6 4. Qc2 g6 5. d4 Qc7 6. Bd3 Bg7 7. Bg5 Nbd7 8. O-O
O-O 9. Nbd2 Rb8 10. h4 b5 11. e5 dxe5 12. dxe5 Nxe5 13. Nxe5 Qxe5 14. c4 b4 15.
Rfe1 Qc7 16. h5 Bb7 17. Bh4 Ng4 18. Bg3 Be5 19. Rxe5 Nxe5 20. Re1 f6 21. hxg6
hxg6 22. Bxg6 Qc6 23. Be4 Qd6 24. f4 Ng4 25. Bxb7 Kg7 26. Bd5 Nh6 27. Re6 Qc7
28. Nf3 Rb6 29. Ng5 f5 30. Qe2 Re8 31. Qh5 Rh8 32. Qg6+ Kf8 33. Rxb6 Qxb6 34.
Ne6+ 1-0

[Event "Mauricie op"]
[Site "Trois-Rivieres CAN"]
[Date "2011.03.20"]
[Round "5"]
[White "Chiffot, Nicolas"]
[Black "Chiku-Ratte, Olivier-Kenta"]
[Result "1/2-1/2"]
[WhiteElo "1994"]
[BlackElo "2056"]
[PlyCount "131"]
[EventDate "2011.03.18"]
[EventType "swiss"]
[EventRounds "5"]
[EventCountry "CAN"]

1. e4 c5 2. Nc3 Nc6 3. g3 g6 4. Bg2 Bg7 5. d3 d6 6. Be3 e6 7. Qd2 Nge7 8. Bh6
O-O 9. h4 f5 10. h5 Qe8 11. hxg6 Qxg6 12. O-O-O Rb8 13. Bxg7 Kxg7 14. Nh3 e5
15. Rh2 h6 16. Rdh1 Rf6 17. Ng1 f4 18. gxf4 exf4 19. Nd5 Nxd5 20. exd5 Ne5 21.
Be4 Qf7 22. Ne2 Bg4 23. Rg1 Kf8 24. Rh4 h5 25. Nc3 Ke7 26. d4 cxd4 27. Qxd4 b6
28. Re1 Kf8 29. Nb5 Qe7 30. Nc3 Qg7 31. Rg1 Qg5 32. Rhh1 f3+ 33. Qd2 Qxd2+ 34.
Kxd2 Kf7 35. Bd3 Nxd3 36. Kxd3 Re8 37. Re1 Rxe1 38. Rxe1 h4 39. Rh1 Rh6 40. Ke3
Kg6 41. Nb5 Kg5 42. Nd4 Rh8 43. Nxf3+ Bxf3 44. Kxf3 Rf8+ 45. Kg2 Rf5 46. c4 Rf4
47. b3 Rd4 48. Rh3 Rd2 49. a4 a5 50. Re3 Kg4 51. Re4+ Kg5 52. Re6 h3+ 53. Kxh3
Rxf2 54. Rxd6 Rf3+ 55. Kg2 Rxb3 56. Rc6 Rb4 57. d6 Kf6 58. Kf3 Ke6 59. Ke4 Rxa4
60. Rxb6 Rxc4+ 61. Kd3 Rc8 62. Ra6 Rc5 63. Kd4 Rd5+ 64. Kc4 Rxd6 65. Rxd6+ Kxd6
66. Kb5 1/2-1/2

[Event "Oasis"]
[Site "Montreal CAN"]
[Date "2011.02.25"]
[Round "1"]
[White "Chang, Michael"]
[Black "Chiku-Ratte, Olivier-Kenta"]
[Result "0-1"]
[WhiteElo "1604"]
[BlackElo "2030"]
[PlyCount "60"]
[EventDate "2011.02.25"]
[EventType "swiss"]
[EventRounds "5"]
[EventCountry "CAN"]

1. c4 Nf6 2. Nc3 c5 3. g3 g6 4. Bg2 Bg7 5. e4 d6 6. Nge2 Nc6 7. a3 O-O 8. O-O
Rb8 9. Rb1 Nd4 10. b4 Nd7 11. d3 a6 12. Be3 b5 13. f4 bxc4 14. dxc4 Nxe2+ 15.
Nxe2 Qc7 16. Qc2 Nb6 17. bxc5 dxc5 18. f5 Bd7 19. Nf4 Ba4 20. Qf2 Rfc8 21. fxg6
hxg6 22. Nd5 Nxd5 23. Qxf7+ Kh7 24. exd5 Rf8 25. Qe6 Rxb1 26. Rxb1 Bc2 27. Rc1
Bf5 28. Qxa6 Qe5 29. Bf2 Qb2 30. Re1 Bc8 0-1

[Event "Oasis"]
[Site "Montreal CAN"]
[Date "2011.02.26"]
[Round "2"]
[White "Chiku-Ratte, Olivier-Kenta"]
[Black "Jiang, Louie"]
[Result "0-1"]
[WhiteElo "2030"]
[BlackElo "2340"]
[PlyCount "116"]
[EventDate "2011.02.25"]
[EventType "swiss"]
[EventRounds "5"]
[EventCountry "CAN"]

1. d4 Nf6 2. c4 e6 3. Nc3 Bb4 4. e3 Ne4 5. Nge2 f5 6. a3 Nxc3 7. Nxc3 Bxc3+ 8.
bxc3 b6 9. Be2 Bb7 10. Bf3 Bxf3 11. Qxf3 Nc6 12. e4 O-O 13. O-O Qc8 14. exf5
Rxf5 15. Qe4 Na5 16. d5 Qb7 17. Re1 Rf7 18. dxe6 Re7 19. Qd5 c6 20. Qd6 Rae8
21. Bg5 Rxe6 22. Rxe6 Rxe6 23. Qd3 Qc7 24. Rd1 Qe5 25. Be3 d6 26. g3 Nb7 27.
Bd4 Qe4 28. Qxe4 Rxe4 29. Kg2 c5 30. Kf3 Re6 31. Be3 Na5 32. Bf4 Nxc4 33. a4
Kf7 34. Rd5 Ke7 35. Rh5 h6 36. g4 g5 37. Bg3 Nd2+ 38. Kg2 Ne4 39. h4 Nxg3 40.
Kxg3 gxh4+ 41. Rxh4 d5 42. Rh5 Kd6 43. f4 d4 44. cxd4 cxd4 45. f5 Rf6 46. Kf4
Kd5 47. g5 hxg5+ 48. Kxg5 Ke5 49. Kg4 d3 50. Rh8 d2 51. Rh1 Rxf5 52. Rd1 Rf4+
53. Kg3 Rd4 54. Kf3 Kd5 55. Ke3 Kc4 56. a5 Kc3 57. axb6 axb6 58. Ke2 Kc2 0-1

[Event "Oasis"]
[Site "Montreal CAN"]
[Date "2011.02.26"]
[Round "3"]
[White "Gauthier, Jeremie"]
[Black "Chiku-Ratte, Olivier-Kenta"]
[Result "0-1"]
[WhiteElo "1271"]
[BlackElo "2030"]
[PlyCount "78"]
[EventDate "2011.02.25"]
[EventType "swiss"]
[EventRounds "5"]
[EventCountry "CAN"]

1. e4 c5 2. Nf3 d6 3. d4 cxd4 4. Nxd4 Nf6 5. Nc3 g6 6. Bc4 Bg7 7. O-O Nc6 8.
Be3 Ng4 9. Qd2 Nxe3 10. fxe3 O-O 11. Nb3 Ne5 12. Be2 Be6 13. Nd5 Bxd5 14. exd5
Rc8 15. c3 Qb6 16. Kh1 Bh6 17. Nd4 Qc5 18. Bf3 Nc4 19. Qe2 Nxe3 20. Rfe1 Rfe8
21. Qd3 Nc4 22. Re2 Bg5 23. Rae1 Ne5 24. Qb5 Qxb5 25. Nxb5 Bh4 26. Rf1 Nxf3 27.
Rxf3 a6 28. Nd4 Rc5 29. g3 Bg5 30. h4 Bh6 31. Rd3 Rxd5 32. c4 Rc5 33. Nb3 Rc6
34. Na5 Rb6 35. Nb3 Bg7 36. Kg2 Kf8 37. Kf3 Rc8 38. Rde3 Bf6 39. Ke4 Rxc4+ 0-1

[Event "Oasis"]
[Site "Montreal CAN"]
[Date "2011.02.27"]
[Round "4"]
[White "Chiku-Ratte, Olivier-Kenta"]
[Black "Carter, David"]
[Result "1-0"]
[WhiteElo "2030"]
[BlackElo "2239"]
[PlyCount "113"]
[EventDate "2011.02.25"]
[EventType "swiss"]
[EventRounds "5"]
[EventCountry "CAN"]

1. d4 e6 2. c4 d5 3. Nc3 Nf6 4. cxd5 exd5 5. Bg5 Be7 6. e3 O-O 7. Bd3 b6 8.
Bxf6 Bxf6 9. Qh5 g6 10. Qxd5 Qxd5 11. Nxd5 Bd8 12. Be4 c6 13. Nb4 Bb7 14. Rc1
Be7 15. Nxc6 Nxc6 16. Bxc6 Rac8 17. d5 Bxc6 18. dxc6 Bc5 19. Ke2 Rfe8 20. Nf3
Re6 21. c7 Re4 22. a3 a5 23. Nd4 Rxc7 24. b4 axb4 25. axb4 Bd6 26. Rxc7 Bxc7
27. Rc1 Bd6 28. b5 Bc5 29. Nb3 Bf8 30. Nd2 Rb4 31. Rb1 Ra4 32. Kd3 Ra2 33. Nc4
Bc5 34. Rb2 Ra4 35. Ne5 Ra1 36. Kc4 Kf8 37. Nd7+ Ke7 38. Nxc5 Rc1+ 39. Kb4 Rxc5
40. Ra2 Rd5 41. Ra7+ Ke6 42. Rb7 Rd6 43. Rc7 Rd1 44. Rc6+ Kd5 45. Rxb6 f5 46.
Rb7 Rb1+ 47. Ka5 Rb2 48. Rxh7 Rxf2 49. g3 g5 50. b6 Ra2+ 51. Kb5 Rb2+ 52. Ka6
Ke4 53. Re7+ Kf3 54. Re5 Kg4 55. b7 Rxh2 56. b8=Q Ra2+ 57. Ra5 1-0

[Event "Oasis"]
[Site "Montreal CAN"]
[Date "2011.02.27"]
[Round "5"]
[White "Libersan, Thierry"]
[Black "Chiku-Ratte, Olivier-Kenta"]
[Result "1/2-1/2"]
[WhiteElo "2113"]
[BlackElo "2030"]
[PlyCount "61"]
[EventDate "2011.02.25"]
[EventType "swiss"]
[EventRounds "5"]
[EventCountry "CAN"]

1. e4 c5 2. Ne2 Nc6 3. g3 Nf6 4. Nbc3 g6 5. Bg2 d6 6. h3 Bg7 7. d3 O-O 8. Be3
Rb8 9. g4 b5 10. Qd2 b4 11. Nd1 a5 12. f4 Qc7 13. c3 bxc3 14. bxc3 Nd7 15. O-O
e6 16. g5 f5 17. Nf2 Ba6 18. Rab1 Rb7 19. Rxb7 Qxb7 20. Rc1 Nb6 21. Rb1 Qc7 22.
Qc2 Rb8 23. Ng3 c4 24. d4 d5 25. e5 Nd7 26. Rb2 Rxb2 27. Qxb2 Qb6 28. Bc1 Qxb2
29. Bxb2 Bf8 30. Bf3 Nb6 31. Bd1 1/2-1/2

[Event "Mercredi 2011.02.23 ABCD"]
[Site "Montreal CAN"]
[Date "2011.02.23"]
[Round "1"]
[White "Gauthier, Denis"]
[Black "Chiku-Ratte, Olivier-Kenta"]
[Result "1/2-1/2"]
[WhiteElo "2050"]
[BlackElo "2030"]
[PlyCount "102"]
[EventDate "2011.02.23"]
[EventType "tourn"]
[EventRounds "5"]
[EventCountry "CAN"]

1. d4 Nf6 2. c4 c5 3. d5 e6 4. Nf3 exd5 5. cxd5 d6 6. Nc3 g6 7. h3 Bg7 8. e4
Nbd7 9. Bg5 O-O 10. Nd2 Re8 11. Be2 h6 12. Be3 g5 13. O-O Ne5 14. f4 gxf4 15.
Bxf4 Nfd7 16. Nf3 Nxf3+ 17. Bxf3 Ne5 18. Qd2 Qh4 19. Ne2 Nc4 20. Qc2 b5 21.
Rab1 Kh8 22. a4 a6 23. axb5 axb5 24. Ra1 Rxa1 25. Rxa1 Bd4+ 26. Nxd4 Qxf4 27.
Nxb5 Nd2 28. Qc3+ Kh7 29. Nxd6 Rg8 30. Ra3 Nb1 31. Qe3 Qxd6 32. e5 Qg6 33. e6
Bxe6 34. dxe6 Nxa3 35. exf7 Qxf7 36. bxa3 Rc8 37. Qe5 Qc7 38. Be4+ Kg8 39. Bd5+
Kf8 40. Qf6+ Ke8 41. Qe6+ Kd8 42. Qg8+ Ke7 43. Qf7+ Kd8 44. Qf8+ Kd7 45. Qf7+
Kd8 46. Qg8+ Ke7 47. Qe6+ Kd8 48. Bc4 Qf4 49. Qd5+ Ke7 50. Qe6+ Kd8 51. Qd5+
Ke7 1/2-1/2

[Event "Mercredi 2011.02.23 ABCD"]
[Site "Montreal CAN"]
[Date "2011.03.02"]
[Round "2"]
[White "Chiku-Ratte, Olivier-Kenta"]
[Black "Morin, Louis"]
[Result "1-0"]
[WhiteElo "2030"]
[BlackElo "1903"]
[PlyCount "103"]
[EventDate "2011.02.23"]
[EventType "tourn"]
[EventRounds "5"]
[EventCountry "CAN"]

1. d4 d5 2. c4 e6 3. Nc3 Nf6 4. cxd5 exd5 5. Bg5 Nbd7 6. e3 Be7 7. Bd3 O-O 8.
Qc2 c6 9. Nf3 Re8 10. O-O Nf8 11. h3 h6 12. Bf4 Ne6 13. Bh2 g6 14. Ne5 Ng7 15.
g4 Bd6 16. f4 Bxe5 17. fxe5 Nxg4 18. hxg4 Qg5 19. Bf4 Qxg4+ 20. Qg2 Qxg2+ 21.
Kxg2 h5 22. e4 Be6 23. exd5 Bxd5+ 24. Nxd5 cxd5 25. Rac1 Ne6 26. Be3 a6 27. a4
Rac8 28. Bc2 Rc4 29. Bb3 Rb4 30. Bxd5 Rxb2+ 31. Rf2 Rxf2+ 32. Kxf2 b5 33. axb5
axb5 34. Bc6 Rb8 35. d5 Nd8 36. Bg5 b4 37. Ke3 b3 38. Bxd8 Rxd8 39. Rb1 Rb8 40.
Kd3 Kf8 41. Kc3 h4 42. Rxb3 Rxb3+ 43. Kxb3 h3 44. d6 g5 45. Bf3 h2 46. Kc4 g4
47. Bg2 Ke8 48. Kd4 Kd7 49. Kd5 Kd8 50. Kc6 g3 51. d7 f5 52. Kd6 1-0

[Event "Mercredi 2011.02.23 ABCD"]
[Site "Montreal CAN"]
[Date "2011.03.09"]
[Round "3"]
[White "Gagnon, Serge"]
[Black "Chiku-Ratte, Olivier-Kenta"]
[Result "0-1"]
[WhiteElo "2061"]
[BlackElo "2030"]
[PlyCount "90"]
[EventDate "2011.02.23"]
[EventType "tourn"]
[EventRounds "5"]
[EventCountry "CAN"]

1. c4 Nf6 2. Nc3 c5 3. Nf3 g6 4. e4 d6 5. g3 Bg7 6. Bg2 O-O 7. O-O Nc6 8. d3
Rb8 9. Nh4 a6 10. f4 Nd4 11. f5 b5 12. g4 Nd7 13. Nd5 Bb7 14. g5 bxc4 15. dxc4
e6 16. f6 exd5 17. fxg7 Kxg7 18. exd5 Re8 19. Rf2 Qe7 20. Bd2 Ne5 21. Bf1 Bc8
22. Be3 Bg4 23. Qc1 Nef3+ 24. Nxf3 Nxf3+ 25. Rxf3 Bxf3 26. Bd2 Qe4 27. Bc3+ Kg8
28. h3 Qh4 29. Be1 Qd4+ 30. Bf2 Qxb2 31. Qxb2 Rxb2 32. Bg3 Rb6 33. Kf2 Bh5 34.
Bf4 Re4 35. Kg3 Kf8 36. Bd3 Rd4 37. Bf1 Ke7 38. Re1+ Kd7 39. h4 Rb2 40. Re3
Rxf4 41. Kxf4 Rf2+ 42. Kg3 Rxf1 43. Ra3 Be2 44. Rxa6 Bxc4 45. Ra7+ Kc8 0-1

[Event "Mercredi 2011.02.23 ABCD"]
[Site "Montreal CAN"]
[Date "2011.03.16"]
[Round "4"]
[White "Levkovsky, Alexandre"]
[Black "Chiku-Ratte, Olivier-Kenta"]
[Result "1-0"]
[WhiteElo "2246"]
[BlackElo "2030"]
[PlyCount "85"]
[EventDate "2011.02.23"]
[EventType "tourn"]
[EventRounds "5"]
[EventCountry "CAN"]

1. e4 c5 2. Nc3 Nc6 3. g3 g6 4. Bg2 Bg7 5. Nge2 d6 6. O-O e6 7. d3 Nge7 8. Be3
Nd4 9. Qd2 O-O 10. Nd1 Rb8 11. c3 Nxe2+ 12. Qxe2 b5 13. d4 cxd4 14. cxd4 d5 15.
Bf4 Rb6 16. e5 Nf5 17. Qd2 f6 18. Re1 g5 19. exf6 Bxf6 20. Be5 Nd6 21. b3 Qe7
22. Nb2 Qg7 23. Nd3 Nf5 24. Bxf6 Qxf6 25. Ne5 Ne7 26. Rac1 Ng6 27. Nxg6 Qxg6
28. Re5 h6 29. Bf1 Bb7 30. Bd3 Qf6 31. Rf1 g4 32. Qe2 Qg7 33. Bxb5 a6 34. Bd3
Bc8 35. Rc1 Rb4 36. Qe3 Bd7 37. Rc7 Rf3 38. Qd2 a5 39. Be2 Rf7 40. Rc5 Qg6 41.
Rxa5 Rb6 42. Rc5 h5 43. Rg5 1-0

[Event "Mercredi 2011.02.23 ABCD"]
[Site "Montreal CAN"]
[Date "2011.03.23"]
[Round "5"]
[White "Chiku-Ratte, Olivier-Kenta"]
[Black "Sasseville, Jean"]
[Result "1/2-1/2"]
[WhiteElo "2030"]
[BlackElo "1968"]
[PlyCount "116"]
[EventDate "2011.02.23"]
[EventType "tourn"]
[EventRounds "5"]
[EventCountry "CAN"]

1. d4 f5 2. Nc3 Nf6 3. Bg5 d5 4. Bxf6 exf6 5. e3 Be6 6. Qf3 Nc6 7. a3 Qd7 8.
Bd3 g6 9. Nge2 O-O-O 10. Nf4 Bf7 11. h4 h5 12. Qg3 Ne7 13. O-O-O Kb8 14. Bb5
Qd6 15. Be2 Bh6 16. Bf3 c6 17. Na4 Nc8 18. Nc5 Rde8 19. Rde1 Re7 20. Ncd3 Rhe8
21. b4 Nb6 22. Nxh5 Qxg3 23. Nxg3 Nc4 24. a4 f4 25. exf4 Rxe1+ 26. Rxe1 Rxe1+
27. Nxe1 Bxf4+ 28. Kb1 Bd2 29. Nd3 a5 30. bxa5 Bxa5 31. Ka2 Nd2 32. Bg4 Ne4 33.
Ne2 Kc7 34. Kb2 Kd6 35. f3 Nd2 36. c3 Nc4+ 37. Kc1 Bd8 38. g3 Be7 39. Bh3 b6
40. g4 Be8 41. Ng3 Bf8 42. f4 c5 43. g5 cxd4 44. cxd4 fxg5 45. hxg5 Bxa4 46.
Ne5 Be8 47. Nxc4+ dxc4 48. Ne4+ Ke7 49. d5 Bd7 50. Bxd7 Kxd7 51. Nf6+ Ke7 52.
Ng4 Bg7 53. Ne5 Bxe5 54. fxe5 b5 55. Kd2 b4 56. Ke3 b3 57. Kd2 b2 58. Kc2 c3
1/2-1/2

[Event "Quebec-ch U20"]
[Site "Montreal CAN"]
[Date "2011.02.11"]
[Round "1"]
[White "Chiku-Ratte, Olivier-Kenta"]
[Black "Wang, Kelly"]
[Result "1-0"]
[WhiteElo "2024"]
[BlackElo "1519"]
[PlyCount "75"]
[EventDate "2011.02.11"]
[EventType "swiss"]
[EventRounds "5"]
[EventCountry "CAN"]

1. d4 d5 2. c4 e6 3. Nc3 Be7 4. cxd5 exd5 5. Bf4 Nf6 6. e3 c6 7. Bd3 Nbd7 8.
Qc2 O-O 9. h3 Re8 10. Nf3 Nf8 11. O-O Ne6 12. Bh2 g6 13. Ne5 Ng7 14. g4 Bd6 15.
f4 Nd7 16. e4 dxe4 17. Nxe4 Bxe5 18. fxe5 Ne6 19. Qf2 Rf8 20. Bf4 Nxf4 21. Qxf4
Qe7 22. Nf6+ Kg7 23. g5 Rd8 24. Qh4 Nf8 25. Qh6+ Kh8 26. Rf4 Bg4 27. Rxg4 Rxd4
28. Rxd4 Qc5 29. Rd1 Qxd4+ 30. Kh1 Qxe5 31. Bc4 Qf4 32. Be2 Qf2 33. Bg4 Qxb2
34. Re1 Qf2 35. Re2 Qg3 36. Ne8 Ne6 37. Rxe6 Rxe8 38. Rxe8# 1-0

[Event "Quebec-ch U20"]
[Site "Montreal CAN"]
[Date "2011.02.12"]
[Round "2"]
[White "Yu, Kexin"]
[Black "Chiku-Ratte, Olivier-Kenta"]
[Result "0-1"]
[WhiteElo "1631"]
[BlackElo "2024"]
[PlyCount "80"]
[EventDate "2011.02.11"]
[EventType "swiss"]
[EventRounds "5"]
[EventCountry "CAN"]

1. c4 Nf6 2. d4 c5 3. Nf3 cxd4 4. Nxd4 g6 5. Nc3 Bg7 6. e3 d6 7. Be2 Nc6 8. h3
O-O 9. O-O Nd7 10. Nf3 Nc5 11. Qd2 a5 12. Re1 a4 13. Nb5 a3 14. Nbd4 Ne4 15.
Qc2 Nc5 16. Nxc6 bxc6 17. Nd4 Qb6 18. Bf3 Bd7 19. bxa3 Bf5 20. Nxf5 Bxa1 21.
Nxe7+ Kg7 22. Nxc6 Rae8 23. Bd2 Bf6 24. Bb4 Rc8 25. Na5 Be5 26. Nb3 Qa6 27. Rd1
Qa4 28. Rd5 Ne6 29. Be2 Rfd8 30. f4 Bf6 31. Rxd6 Qa7 32. Qc1 Nxf4 33. Bg4 h5
34. Rxd8 hxg4 35. Rd2 Qxe3+ 36. Kf1 gxh3 37. gxh3 Qxh3+ 38. Kg1 Qg3+ 39. Kf1
Qf3+ 40. Kg1 Nh3+ 0-1

[Event "Quebec-ch U20"]
[Site "Montreal CAN"]
[Date "2011.02.12"]
[Round "3"]
[White "Chiku-Ratte, Olivier-Kenta"]
[Black "Kovalyov, Anton"]
[Result "0-1"]
[WhiteElo "2024"]
[BlackElo "2586"]
[PlyCount "163"]
[EventDate "2011.02.11"]
[EventType "swiss"]
[EventRounds "5"]
[EventCountry "CAN"]

1. d4 Nf6 2. c4 e6 3. Nc3 Bb4 4. e3 b6 5. Nge2 c5 6. a3 Ba5 7. Rb1 Na6 8. f3
Bb7 9. e4 O-O 10. d5 exd5 11. cxd5 b5 12. Kf2 b4 13. axb4 Nxb4 14. Be3 d6 15.
Ng3 Bc8 16. Bc4 Nd7 17. f4 g6 18. Re1 Qh4 19. Kg1 Nf6 20. Be2 Ng4 21. Bxg4 Bxg4
22. Qd2 Bc8 23. e5 Bb7 24. Nce4 Qd8 25. Nf6+ Kh8 26. Nge4 Nxd5 27. Qf2 Bxe1 28.
Rxe1 Nxf6 29. Nxf6 Kg7 30. Qh4 Rh8 31. f5 h6 32. fxg6 fxg6 33. Bf4 c4 34. exd6
Qb6+ 35. Kh1 Bxg2+ 36. Kxg2 Qxb2+ 37. Kh1 Qb7+ 38. Kg1 g5 39. Bxg5 Qb6+ 40. Kf1
Raf8 41. Re7+ Rf7 42. Qg4 Qb1+ 43. Kg2 hxg5 44. Nh5+ Rxh5 45. Rxf7+ Kxf7 46.
Qxh5+ Ke6 47. Qg4+ Kxd6 48. Qxc4 Qb2+ 49. Kg1 Qb6+ 50. Kf1 Qc5 51. Qd3+ Kc7 52.
Qg3+ Kb6 53. Qb8+ Ka5 54. Qd8+ Kb4 55. Qd2+ Kb3 56. Qd3+ Ka4 57. Qe4+ Ka5 58.
Qe1+ Kb5 59. Qb1+ Kc6 60. Qe4+ Kc7 61. Qh7+ Kb6 62. Qg6+ Ka5 63. Kg2 a6 64. Qe4
Kb6 65. Qb1+ Qb5 66. Qg1+ Kb7 67. Qd4 a5 68. Qg7+ Kb6 69. Qd4+ Qc5 70. Qd8+ Kb5
71. Qd3+ Kb4 72. Qb1+ Ka4 73. Qa2+ Kb5 74. Qb3+ Ka6 75. Qd3+ Qb5 76. Qd6+ Ka7
77. Qd4+ Qb6 78. Qe5 a4 79. Qxg5 a3 80. Qf4 Qb2+ 81. Qf2+ Qxf2+ 82. Kxf2 0-1

[Event "Quebec-ch U20"]
[Site "Montreal CAN"]
[Date "2011.02.13"]
[Round "4"]
[White "Yun, Chang"]
[Black "Chiku-Ratte, Olivier-Kenta"]
[Result "0-1"]
[WhiteElo "1789"]
[BlackElo "2024"]
[PlyCount "52"]
[EventDate "2011.02.11"]
[EventType "swiss"]
[EventRounds "5"]
[EventCountry "CAN"]

1. e4 c5 2. Nf3 d6 3. d4 cxd4 4. Nxd4 Nf6 5. Nc3 g6 6. Be3 Bg7 7. f3 Nc6 8. Qd2
O-O 9. O-O-O d5 10. Kb1 e5 11. Nxc6 bxc6 12. exd5 cxd5 13. Nxd5 Nxd5 14. Qxd5
Qc7 15. Qxa8 Bf5 16. Qd5 Qxc2+ 17. Ka1 Be6 18. Qd2 Qa4 19. Bc4 Bxc4 20. a3 Qb3
21. Kb1 Qa2+ 22. Kc1 Bb3 23. Qc3 Qa1+ 24. Kd2 Rd8+ 25. Ke2 Bxd1+ 26. Kf2 e4 0-1

[Event "Quebec-ch classe"]
[Site "Montreal CAN"]
[Date "2011.01.21"]
[Round "1"]
[White "Chiku-Ratte, Olivier-Kenta"]
[Black "Roussel-Roozmon, Thomas"]
[Result "0-1"]
[WhiteElo "2060"]
[BlackElo "2474"]
[PlyCount "118"]
[EventDate "2011.01.21"]
[EventType "swiss"]
[EventRounds "5"]
[EventCountry "CAN"]

1. d4 d6 2. c4 e5 3. e3 c6 4. Nc3 Nf6 5. Bd3 g6 6. Nge2 Bg7 7. O-O O-O 8. b3
Re8 9. f3 Na6 10. d5 e4 11. fxe4 Nc5 12. Nd4 Nxd3 13. Qxd3 c5 14. Nde2 Nxe4 15.
Bb2 Qe7 16. Rae1 Bd7 17. Nxe4 Bxb2 18. N2g3 Be5 19. Nf2 Rab8 20. a4 a6 21. a5
b5 22. axb6 Rxb6 23. e4 Reb8 24. Rb1 a5 25. Rfd1 Qf6 26. Ne2 Bxh2+ 27. Kxh2
Qxf2 28. Rf1 Qh4+ 29. Kg1 Qe7 30. Ng3 Qe5 31. Qf3 Be8 32. Ne2 a4 33. Nc1 R8b7
34. Kh1 axb3 35. Rxb3 Rxb3 36. Nxb3 Re7 37. Nd2 Kg7 38. Rf2 Bd7 39. g3 h5 40.
Qf4 Qxf4 41. gxf4 f5 42. Re2 fxe4 43. Rxe4 Kf7 44. Kg2 Bf5 45. Rxe7+ Kxe7 46.
Kg3 Kf6 47. Kh4 Bd3 48. Kg3 Kf5 49. Kf3 h4 50. Ke3 Bc2 51. Kf3 h3 52. Nf1 Be4+
53. Ke3 Bg2 54. Nh2 g5 55. fxg5 Kxg5 56. Ke2 Kf4 57. Kf2 Ke4 58. Ng4 Kd4 59.
Ne3 Be4 0-1